000 00700nam a2200241Ia 4500
003 OSt
005 20220924122347.0
006 a|||||r|||| 00| 0
007 ta
008 220923b |||||||| |||| 00| 0 urd d
020 _a9693502418 (hbk)
024 _a313417
037 _cTextual
040 _aARTS
_cARTS
_burd
041 _2urd
_aurd
082 _aO168,1M73:g, N3
100 _aZulfiqar Ghulam Hussain
_9189229
245 0 _aMaulana Zafar Ali Khan
_b Hayat khidmaat-o-Asar
260 _aLahore
_bSang Meel Publications Pakistan
_c1993
650 _aURDU POETRY
942 _hO168,1M73:g, N3
_cTEXL
_2CC
999 _c411324
_d411324